000 01348nam a2200385 i 4500
001 193066
003 SpMaBN
005 20240707063036.0
007 ta
008 230727s2017 sp | |||| 000 f spa
017 _aA 566-2017
_bOficina Depósito Legal Alicante
020 _a9788480184281
035 _a(OCoLC)1139017200
035 _aa6121619
040 _aSpMaBN
_bspa
_cSpMaBN
_erdc
080 _a821.134.2-31"19"
100 1 _aAlbero, Miguel,
_d1967-
_0XX1679973
_eaut
_9233896
245 1 0 _aMal /
_cMiguel Albero
260 _aAlicante :
_bAguaclara [etc.],
_c2017
300 _a205 p. ;
_c22 cm
336 _aTexto (visual)
_2isbdcontent
337 _asin mediación
_2isbdmedia
338 _2rdacarrier
_avolumen
490 1 _aAnaquel nuevo narrativa ;
_v105
500 _aCatalogación provisional. Signatura: N 8557. Depósito J.
586 _aXXI Premio de Novela "Vargas Llosa", 2017
650 7 _aNovelas
_2embne
_9233904
830 _aAnaquel nuevo narrativa ;
_v105
_9233897
852 _aES-MaACL
_9200371
_bR.152674
_jN-8557
_cDEPOJ
_hDonación: Editorial
_zEn proceso
942 _n0
_cMONOGRAFIA
999 _c193066
_d193066